000 00255nam a2200109Ia 4500
008 200302s9999 xx 000 0 und d
100 _aKristin Feireiss
245 _aDynamic Forces
260 _bPrestel Publishing Ltd.
260 _c2007
300 _a242 P.,
999 _c4358
_d4358